logo

Bir Sreshtho Munshi Abdur Rouf Library
Jhenaidah Cadet College

দুর্গম গিরি কান্তার মরু / (Record no. 3577)

MARC details
000 -LEADER
fixed length control field 00754nam a2200205 a 4500
001 - CONTROL NUMBER
JCCL Control Number 3577
003 - CONTROL NUMBER IDENTIFIER
JCCL marc code BD-JhCC
005 - DATE AND TIME OF LATEST TRANSACTION
control field 20171115115550.0
008 - FIXED-LENGTH DATA ELEMENTS--GENERAL INFORMATION
fixed length control field 171115s1371 bg |||| |||| 000 0 ben d
035 ## - SYSTEM CONTROL NUMBER
system control number (BD-JhCC) 3577
040 ## - CATALOGING SOURCE
Original cataloging agency BD-JhCC
Modifying agency BD-JhCC
041 ## - LANGUAGE CODE
Language code of Book ben
082 ## - DEWEY DECIMAL CLASSIFICATION NUMBER
Classification number 891.4415
Author mark and Year CHO 1371
245 ## - TITLE STATEMENT
Title দুর্গম গিরি কান্তার মরু /
Statement of responsibility, etc বীরেন্দ্র চট্টোপাধ্যায়
260 ## - PUBLICATION, DISTRIBUTION, ETC. (IMPRINT)
Place of publication, distribution, etc কলিকাতা :
Name of publisher, distributor, etc টাইমস ডিষ্ট্রিবিউটার,
Date of publication, distribution, etc ১৩৭১.
300 ## - PHYSICAL DESCRIPTION
Pagination ৬৬ পৃ. :
Dimensions ২১ সেমি.
650 ## - SUBJECT ADDED ENTRY--TOPICAL TERM
Topical term or geographic name as entry element Bengali poetry
700 ## - ADDED ENTRY--PERSONAL NAME
Personal name চট্টোপাধ্যায়, বীরেন্দ্র
942 ## - ADDED ENTRY ELEMENTS (KOHA)
Source of classification or shelving scheme Dewey Decimal Classification
Koha item type Books
Holdings
Source of classification or shelving scheme Damaged status Not for loan Home library Current library Shelving location Date of accession Cost, normal purchase price Total Checkouts Full call number Barcode Date last seen Copy number Koha item type
Dewey Decimal Classification     JCC Rouf Library JCC Rouf Library General Stacks 11/15/2017 2.00   891.4415 CHO 1371 5284 11/15/2017 C-1 Books

JCC Library | Contacts | JCC Home

Last Update on 23 September 2017
Copyright @ 2017-2020 JCC Rouf Library
Rouf Library, Jhenidah Cadet College (JCC), Bangladesh